|
|
|
|
| LEADER |
00000nab a2200000 ar4500 |
| 001 |
vtls011467148 |
| 003 |
SK-MaSNL |
| 005 |
20260303165730.0 |
| 008 |
160118c2015 xo qr|p||| |000 b|slo |
| 015 |
|
|
|a SNBRB2016/01
|
| 038 |
|
|
|a SPK
|
| 040 |
|
|
|a SPKCL
|b slo
|c AACR2
|e AACR2
|
| 041 |
0 |
|
|a slo
|
| 044 |
|
|
|a xo
|c SK
|
| 072 |
|
7 |
|a 371
|x Školstvo (organizácia)
|2 konspekt
|
| 072 |
|
7 |
|a 316.4/.7
|x Sociálne interakcie
|2 konspekt
|
| 080 |
|
|
|a 371
|2 2001
|
| 080 |
|
|
|a 316.614
|2 2001
|
| 080 |
|
|
|a 316.647.8
|2 2001
|
| 245 |
0 |
0 |
|a Štíty a korunky
|
| 300 |
|
|
|b Fotogr.
|
| 650 |
0 |
7 |
|a školské činnosti
|2 snkbucl
|9 71743
|
| 650 |
0 |
7 |
|a rodové stereotypy
|2 snkbucl
|9 550755
|
| 650 |
0 |
7 |
|a názory a postoje
|2 snkbucl
|9 4303
|
| 773 |
0 |
|
|t Dobrá škola
|g Roč. VII, č. 4 (2015), s. 14-15
|x 1338-0338
|
| 852 |
|
|
|a SPK
|b KIS3GCP
|
| 856 |
4 |
1 |
|u www.dobraskola.com
|
| 999 |
|
|
|c 2073457
|d 2075387
|